Entremes de los aranbeles (Record no. 137044)

MARC details
000 -CABECERA
campo de control de longitud fija 01985nam a2200457 i 4500
001 - NÚMERO DE CONTROL
campo de control 991061718033906706
003 - IDENTIFICADOR DEL NÚMERO DE CONTROL
campo de control ES-BaIT
005 - FECHA Y HORA DE LA ÚLTIMA TRANSACCIÓN
campo de control 20260212140622.0
008 - DATOS DE LONGITUD FIJA--INFORMACIÓN GENERAL
campo de control de longitud fija 260212s17301767sp r 000 d spa c
040 ## - FUENTE DE LA CATALOGACIÓN
Centro catalogador/agencia de origen ES-BaIT
Lengua de catalogación cat
Normas de descripción rda
Centro/agencia transcriptor ES-BaIT
080 ## - NÚMERO DE LA CLASIFICACIÓN DECIMAL UNIVERSAL
Número de la Clasificación Decimal Universal 860-2"17"
245 00 - MENCIÓN DE TÍTULO
Título Entremes de los aranbeles
246 30 - FORMA VARIANTE DE TÍTULO
Título propio/Titulo breve Aranbeles
246 33 - FORMA VARIANTE DE TÍTULO
Título propio/Titulo breve Arambeles
264 #1 - PRODUCCIÓN, PUBLICACIÓN, DISTRIBUCIÓN, FABRICACIÓN Y COPYRIGHT
Producción, publicación, distribución, fabricación y copyright Impresso en Cordova :
Nombre del de productor, editor, distribuidor, fabricante en el Colegio de nuestra Señora de la Asumpcion,
Fecha de producción, publicación, distribución, fabricación o copyright [entre 1730-1767]
300 ## - DESCRIPCIÓN FÍSICA
Extensión 8 pàgines ;
Dimensiones
336 ## - TIPO DE CONTENIDO
Término de tipo de contenido text
Código de tipo de contenido txt
Fuente rdacontent
337 ## - TIPO DE MEDIO
Nombre/término del tipo de medio sense mediació
Código del tipo de medio n
Fuente rdamedia
338 ## - TIPO DE SOPORTE
Nombre/término del tipo de soporte volum
Código del tipo de soporte nc
Fuente rdacarrier
500 ## - NOTA GENERAL
Nota general Lloc d'impressió i impressor obtinguts del colofó
500 ## - NOTA GENERAL
Nota general Data d'impressió deduïda dels anys d'activitat de l'impressor
500 ## - NOTA GENERAL
Nota general Sign.: [ ] ⁴
533 ## - NOTA DE REPRODUCCIÓN
Tipo de reproducción Reproducció digital disponible a Biblioescènic
593 ## - Camps col·lecció exemplar
Signatura topogràfica i/o núm. de registre VIT-084/02.
Notes Relligat en volum factici.
Digitalització Exemplar digitalitzat per Crossland.
Nom de la col·lecció especial Artur Sedó
593 00 - Camps col·lecció exemplar
Notes holand. granate. Procedència: Col·lecció Joaquín Montaner
593 00 - Camps col·lecció exemplar
Notes holand. marrón
655 #7 - TÉRMINO DE INDIZACIÓN--GÉNERO/FORMA
Datos o término principal de género/forma Entremesos castellans
Subdivisión cronológica S. XVIII
Fuente del término lemac
9 (RLIN) 168430
710 2# - ENTRADA AGREGADA--NOMBRE DE ENTIDAD CORPORATIVA
Nombre de entidad corporativa o nombre de jurisdicción como elemento de entrada Imprenta del Colegio de la Asunción (Córdoba)
Término indicativo de función/relación impressor
9 (RLIN) 168431
730 0# - ENTRADA AGREGADA--TÍTULO UNIFORME
Título uniforme Col·lecció digital Biblioescènic del MAE
9 (RLIN) 69172
752 ## - ENTRADA AGREGADA--NOMBRE JERÁRQUICO DEL LUGAR
País o entidad superior Espanya
Jurisdicción política de primer nivel Andalusia
Ciudad Córdoba
856 41 - LOCALIZACIÓN Y ACCESO ELECTRÓNICOS
Nota pública Accés lliure (Biblioescènic)
Especificación de materiales Exemplar VIT-084/02
Identificador Uniforme del Recurso <a href="https://books.cdmae.cat/visorpdf/?recurs=SV0084-02">https://books.cdmae.cat/visorpdf/?recurs=SV0084-02</a>
856 41 - LOCALIZACIÓN Y ACCESO ELECTRÓNICOS
Nota pública Accés lliure (Bibilioteca Digital Hispánica)
Identificador Uniforme del Recurso <a href="https://bnedigital.bne.es/bd/card?id=9e1f85de-c01e-4e39-a6b1-e0f4717d9dc8">https://bnedigital.bne.es/bd/card?id=9e1f85de-c01e-4e39-a6b1-e0f4717d9dc8</a>
856 42 - LOCALIZACIÓN Y ACCESO ELECTRÓNICOS
Especificación de materiales Fitxa del catàleg manual
Identificador Uniforme del Recurso <a href="http://www.cdmae.cat/sedo/imgtitulos/005/P0001233.gif">http://www.cdmae.cat/sedo/imgtitulos/005/P0001233.gif</a>
856 42 - LOCALIZACIÓN Y ACCESO ELECTRÓNICOS
Especificación de materiales Fitxa del catàleg manual
Identificador Uniforme del Recurso <a href="http://www.cdmae.cat/sedo/imgtitulos/005/P0001234.gif">http://www.cdmae.cat/sedo/imgtitulos/005/P0001234.gif</a>
902 ## - ELEMENTOS DE DATOS B LOCAL, LDB (RLIN)
a Patrimoni
902 ## - ELEMENTOS DE DATOS B LOCAL, LDB (RLIN)
a Fons antic
908 ## - COLOCAR PARÁMETRO DE COMANDO (RLIN)
Colocar parámetro de comando CDMAE
940 ## - EQUIVALENCIA O REFERENCIA-CRUZADA--TÍTULO UNIFORME [OBSOLETO] [solamente CAN/MARC]
Título uniforme <a href="CDMAE">CDMAE</a>
942 ## - ELEMENTOS DE ENTRADA AGREGADA (KOHA)
Fuente del sistema de clasificación o colocación Clasificación decimal universal
Tipo de ítem Koha Digital
Holdings
Estado de retiro Estado de pérdida Fuente del sistema de clasificación o colocación Estado dañado No para préstamo Código de colección Localización permanente Ubicación/localización actual Ubicación en estantería Fecha de adquisición Fuente de adquisición Total de préstamos Signatura topográfica completa Código de barras Fecha visto por última vez Precio válido a partir de Tipo de ítem Koha
    Clasificación decimal universal   Exclòs de préstec Artur Sedó Biblioteca Barcelona Biblioteca Barcelona BCN Magatzem Sedó Vitrina 12/02/2026 Reconversió   VIT-084/02 vit08402 12/02/2026 12/02/2026 Antiquària

Powered by Koha